000 00283nam a22001337a 4500
008 170215b xxu||||| |||| 00| 0 eng d
020 _a9780071498487
041 _aeng
080 _a61
100 _a4
101 _aSHM
245 _aMEDICAL CHARTING
_cRICHARDS, J
942 _2udc
_cBK
999 _c5598
_d5598